Quản trị rủi ro và khủng hoảng

Quyển sách giới thiệu về việc quản trị rủi ro, quản trị khủng hoảng, những công việc cần làm trước và sau khi khủng hoảng xảy ra.

Đã lưu trong:
Sonraí Bibleagrafaíochta
Príomhúdar: Đoàn, Thị Hồng Vân
Formáid: Leabhar
Teanga:Undetermined
Foilsithe: Hà Nội Thống kê 2005
Ábhair:
Clibeanna: Cuir Clib Leis
Gan Chlibeanna, Bí ar an gcéad duine leis an taifead seo a chlibeáil!
Thư viện lưu trữ: Trung tâm Học liệu Trường Đại học Cần Thơ
LEADER 00851nam a2200229Ia 4500
001 CTU_94852
008 210402s9999 xx 000 0 und d
020 |c 32000 
082 |a 658.15 
082 |b V121 
100 |a Đoàn, Thị Hồng Vân 
245 0 |a Quản trị rủi ro và khủng hoảng 
245 0 |c Đoàn Thị Hồng Vân 
260 |a Hà Nội 
260 |b Thống kê 
260 |c 2005 
520 |a Quyển sách giới thiệu về việc quản trị rủi ro, quản trị khủng hoảng, những công việc cần làm trước và sau khi khủng hoảng xảy ra. 
526 |a Quản trị rủi ro kinh doanh 
526 |b KT914 
650 |a Financial management,Crisis management 
904 |i Úy Chị, pha 
980 |a Trung tâm Học liệu Trường Đại học Cần Thơ